000 00674nam a2200217 a 4500
005 20140310183536.0
008 110819s19uu xx 00 eng d
020 _a9781412970174
050 _aHM 1261
_b.B85 2010
100 _aBurghardt, Steve
245 _aStories of transformative leadership in the human services :
_bWhy the glass is always full /
_cSteve Burghardt; Willie Tolliver.
260 _aLos Angeles :
_bSAGE,
_c2010.
300 _a273 p. :
_c22 cm.
521 _aBSBA
650 _aLeadership
_xUnited States
650 _aHuman services
_xUnited States
700 _aTolliver, Willie
942 _cBK
_2lcc
_kFOR
999 _c24731
_d24731